000 00351nam a2200133Ia 4500
008 240624s9999 xx 000 0 und d
041 _aeng
082 _a658.408 AMA
100 _aAMALRAJ HILDA
245 _aADVANCES IN RESEARCH IN BUSINESS AND FIN
260 _c2006
_aHyderabad
_bICFAI press
300 _avi, : 223 : p. : cm. ; 23
365 _cRS
_b50
999 _c6360
_d6360